<?xml version="1.0" encoding="UTF-8"?>
<marc:record xmlns:marc="http://www.loc.gov/MARC21/slim">
   <marc:leader>00000nam a2200000 a 4500</marc:leader>
   <marc:datafield ind1="1" ind2=" " tag="100">
      <marc:subfield code="a">Jahns, Astrid</marc:subfield>
      <marc:subfield code="4">aut</marc:subfield>
      <marc:subfield code="e">Verfasser/-in</marc:subfield>
   </marc:datafield>
   <marc:datafield ind1="1" ind2=" " tag="100">
      <marc:subfield code="a">Hesse, Kirstin</marc:subfield>
      <marc:subfield code="4">stl</marc:subfield>
      <marc:subfield code="e">Erzähler/-in</marc:subfield>
   </marc:datafield>
   <marc:datafield ind1="1" ind2=" " tag="100">
      <marc:subfield code="a">van der Gieth, Patrick</marc:subfield>
      <marc:subfield code="4">stl</marc:subfield>
      <marc:subfield code="e">Erzähler/-in</marc:subfield>
   </marc:datafield>
   <marc:datafield ind1=" " ind2=" " tag="653">
      <marc:subfield code="a">Künstlerinnen und Künstler</marc:subfield>
   </marc:datafield>
   <marc:datafield ind1=" " ind2=" " tag="653">
      <marc:subfield code="a">Rennaissance</marc:subfield>
   </marc:datafield>
   <marc:datafield ind1=" " ind2=" " tag="653">
      <marc:subfield code="a">Barock</marc:subfield>
   </marc:datafield>
   <marc:datafield ind1=" " ind2=" " tag="653">
      <marc:subfield code="a">Rokkoko</marc:subfield>
   </marc:datafield>
   <marc:datafield ind1=" " ind2=" " tag="653">
      <marc:subfield code="a">Klassizismus</marc:subfield>
   </marc:datafield>
   <marc:datafield ind1=" " ind2=" " tag="653">
      <marc:subfield code="a">Romantik</marc:subfield>
   </marc:datafield>
   <marc:datafield ind1=" " ind2=" " tag="653">
      <marc:subfield code="a">Fresko</marc:subfield>
   </marc:datafield>
   <marc:datafield ind1=" " ind2=" " tag="653">
      <marc:subfield code="a">Radierung</marc:subfield>
   </marc:datafield>
   <marc:datafield ind1=" " ind2=" " tag="653">
      <marc:subfield code="a">Realismus</marc:subfield>
   </marc:datafield>
   <marc:datafield ind1=" " ind2=" " tag="653">
      <marc:subfield code="a">Naturalismus</marc:subfield>
   </marc:datafield>
   <marc:datafield ind1=" " ind2=" " tag="653">
      <marc:subfield code="a">Malerei</marc:subfield>
   </marc:datafield>
   <marc:datafield ind1=" " ind2=" " tag="653">
      <marc:subfield code="a">Bildende Kunst</marc:subfield>
   </marc:datafield>
   <marc:datafield ind1=" " ind2=" " tag="653">
      <marc:subfield code="a">Softcover / Kinder- und Jugendbücher/Sachbücher</marc:subfield>
   </marc:datafield>
   <marc:datafield ind1=" " ind2=" " tag="653">
      <marc:subfield code="a">Sachbilderbücher</marc:subfield>
   </marc:datafield>
   <marc:datafield ind1=" " ind2=" " tag="653">
      <marc:subfield code="a">Sachbücher und Sachbilderbücher für Kinder und Jugendliche</marc:subfield>
   </marc:datafield>
   <marc:datafield ind1="0" ind2="0" tag="245">
      <marc:subfield code="a">Leselauscher Wissen: Kunst von da Vinci bis Kollwitz</marc:subfield>
   </marc:datafield>
   <marc:datafield ind1="0" ind2="0" tag="245">
      <marc:subfield code="c">Astrid Jahns</marc:subfield>
   </marc:datafield>
   <marc:datafield ind1=" " ind2="1" tag="264">
      <marc:subfield code="a">Kempen</marc:subfield>
      <marc:subfield code="b">BVK Buch Verlag Kempen GmbH</marc:subfield>
      <marc:subfield code="c">2022</marc:subfield>
   </marc:datafield>
   <marc:datafield ind1="1" ind2=" " tag="490">
      <marc:subfield code="a">Leselauscher Wissen</marc:subfield>
      <marc:subfield code="v">30</marc:subfield>
   </marc:datafield>
   <marc:datafield ind1=" " ind2=" " tag="250">
      <marc:subfield code="a">1. Auflage</marc:subfield>
   </marc:datafield>
   <marc:datafield ind1="1" ind2=" " tag="520">
      <marc:subfield code="a">Angaben aus der Verlagsmeldung

Leselauscher Wissen: Kunst von da Vinci bis Kollwitz / von Astrid Jahns

Eine Reise quer durch die Kunstepochen, von der Antike bis zum Naturalismus geht nicht? Doch, wenn man wie Emy eine Zeitmaschine hat! Gemeinsam mit ihr hat Emy viele Künstlerinnen und Künstler besucht und sich alles Wichtige über sie und die Epochen notiert. Worin zeichneten sich die jeweiligen Epochen aus? Welche Künstlerinnen und Künstler sind in den Epochen bekannt? Und wie wurde in der Zeit gemalt? Das alles weiß Emy jetzt – und stellt es gerne vor!
Wer in die Fußstapfen der vorgestellten Künstlerinnen und Künstler treten und selbst künstlerisch aktiv werden möchte, kann das durch die Mitmach-Ideen wunderbar!

Das Leselauscher-Wissen-Konzept ist so angelegt, dass die Kinder die Sachbücher gleichzeitig lesen und lauschen können. Dies geht mit dem enthaltenen Hörbuch, auf dem der Text deutlich und langsam vorgelesen wird. Die tollen Fotos und Zusatzinformationen laden die Kinder dazu ein, das Buch immer wieder aufzuschlagen.

Vorgestellt werden:Renaissance: Leonardo da Vinci – Sandro Botticelli – Tizian – Michelangelo – Raffael – Sofonisba Anguissola – Plautilla Nelli – Albrecht Dürer – Hieronymus Bosch – Pieter Bruegel – Lavinia Fontana – Giuseppe Arcimboldo – El GrecoBarock: Peter Paul Rubens – Jan Vermeer – Fede Galizia – Giovanna Garzoni – Rembrandt – Diego Velázquez – Artemisia Gentileschi – CaravaggioRokoko und Klassizismus: Jean-Honoré Fragonard – Angelika Kauffmann – Élisabeth Vigée-Lebrun – Francisco de Goya – Marie EllenriederRomantik: Louise Seidler – Caspar David Friedrich – Eugène Delacroix – William TurnerRealismus und Naturalismus: Gustave Courbet – Käthe Kollwitz – Helene Schjerfbeck n
</marc:subfield>
   </marc:datafield>
   <marc:datafield ind1=" " ind2=" " tag="020">
      <marc:subfield code="a">9783965201798</marc:subfield>
      <marc:subfield code="9">9783965201798</marc:subfield>
   </marc:datafield>
   <marc:datafield ind1=" " ind2=" " tag="020">
      <marc:subfield code="a">3965201794</marc:subfield>
      <marc:subfield code="9">3965201794</marc:subfield>
   </marc:datafield>
   <marc:datafield ind1=" " ind2=" " tag="041">
      <marc:subfield code="a">ger</marc:subfield>
   </marc:datafield>
</marc:record>
